UK National Rail with Map - Great Northern - Statistics

General Stats
  • This quiz has been taken 222 times
    216 since last reset
  • The average score is 30 of 53
Answers on the Map
Answers color-coded by a green-red scale on the quiz's map according to % correct below.
 
Answer Stats
Answer Line % Correct
Cambridge Cambridge Line
95%
London King's Cross East Coast Main Line
95%
Peterborough East Coast Main Line
89%
Moorgate Northern City Line
86%
Finsbury Park East Coast Main Line
83%
Stevenage East Coast Main Line
83%
Old Street Northern City Line
80%
Ely Fen Line
77%
Welwyn Garden City East Coast Main Line
77%
Essex Road Northern City Line
75%
Kings Lynn Fen Line
74%
Highbury & Islington Northern City Line
72%
Alexandra Palace East Coast Main Line
70%
Cambridge North Fen Line
69%
Hertford North Hertford Loop Line
67%
Hitchin East Coast Main Line
67%
Drayton Park Northern City Line
66%
Letchworth Garden City Cambridge Line
65%
Hornsey East Coast Main Line
64%
Harringay East Coast Main Line
61%
Huntingdon East Coast Main Line
61%
Potters Bar East Coast Main Line
60%
Hatfield East Coast Main Line
59%
New Southgate East Coast Main Line
59%
St Neots East Coast Main Line
56%
Biggleswade East Coast Main Line
55%
Royston Cambridge Line
55%
New Barnet East Coast Main Line
54%
Enfield Chase Hertford Loop Line
53%
Oakleigh Park East Coast Main Line
53%
Welwyn North East Coast Main Line
52%
Baldock Cambridge Line
46%
Knebworth East Coast Main Line
46%
Gordon Hill Hertford Loop Line
45%
Hadley Wood East Coast Main Line
45%
Waterbeach Fen Line
45%
Bowes Park Hertford Loop Line
44%
Crews Hill Hertford Loop Line
44%
Palmers Green Hertford Loop Line
44%
Shepreth Cambridge Line
43%
Winchmore Hill Hertford Loop Line
43%
Foxton Cambridge Line
42%
Ashwell & Morden Cambridge Line
41%
Cuffley Hertford Loop Line
41%
Downham Market Fen Line
41%
Brookmans Park East Coast Main Line
40%
Watton-at-Stone Hertford Loop Line
40%
Meldreth Cambridge Line
38%
Welham Green East Coast Main Line
35%
Bayford Hertford Loop Line
33%
Grange Park Hertford Loop Line
32%
Littleport Fen Line
32%
Watlington Fen Line
27%
No matching quizzes found
Score Distribution
Percent of People with Each Score
Percentile by Number Answered
Your Score History
You have not taken this quiz since the last reset